Loading...
| 5 | 2 | 1 | 2 | 90 | 31 | 84.00 | 3 | 7 | 0.00 | 0.00 | |
| Literature - American | 2 | 2 | 0 | 1 | 50 | 61 | 84.50 | 2 | 4 | 0.00 | 0.00 |
| Literature - European | 1 | 3 | 0 | 2 | 45 | 9 | 103.75 | 1 | 4 | 0.00 | 0.00 |
| History - American | 2 | 1 | 0 | 0 | 40 | 58 | 88.33 | 2 | 3 | 0.00 | 0.00 |
| Fine Arts - Visual | 1 | 2 | 0 | 2 | 35 | 54 | 109.00 | 1 | 3 | 0.00 | 0.00 |
| Science - Biology | 2 | 0 | 0 | 0 | 30 | 51 | 55.00 | 1 | 2 | 0.00 | 0.00 |
| Philosophy | 1 | 1 | 0 | 0 | 25 | 63 | 78.00 | 2 | 2 | 0.00 | 0.00 |
| Literature - British | 0 | 3 | 1 | 0 | 25 | 102 | 114.67 | 0 | 3 | 0.00 | 0.00 |
| Social Science | 1 | 1 | 0 | 0 | 25 | 59 | 66.00 | 2 | 2 | 0.00 | 0.00 |
| Fine Arts - Auditory | 1 | 1 | 0 | 0 | 25 | 40 | 64.50 | 2 | 2 | 0.00 | 0.00 |
| Geography | 0 | 2 | 0 | 0 | 20 | 115 | 132.00 | 0 | 2 | 0.00 | 0.00 |
| History - European | 0 | 2 | 1 | 1 | 15 | 87 | 105.00 | 0 | 2 | 0.00 | 0.00 |
| Beliefs | 1 | 1 | 3 | 0 | 10 | 22 | 55.50 | 1 | 2 | 0.00 | 0.00 |
| Other Arts: Auditory | 0 | 1 | 0 | 0 | 10 | 104 | 104.00 | 0 | 1 | 0.00 | 0.00 |
| Other Arts: Visual | 0 | 1 | 0 | 1 | 10 | 122 | 122.00 | 0 | 1 | 0.00 | 0.00 |
| Other Science: Earth Science | 0 | 1 | 0 | 0 | 10 | 60 | 60.00 | 0 | 1 | 0.00 | 0.00 |
| Science - Chemistry | 0 | 1 | 0 | 0 | 10 | 119 | 119.00 | 0 | 1 | 0.00 | 0.00 |
| History - World | 0 | 2 | 3 | 1 | 5 | 84 | 113.50 | 0 | 2 | 0.00 | 0.00 |
| Science - Physics | 0 | 1 | 2 | 0 | 0 | 76 | 76.00 | 1 | 1 | 0.00 | 0.00 |
| Other Academic | 0 | 0 | 1 | 0 | -5 | 0.00 | 0 | 0 | 0.00 | 0.00 |